Mýty o výživě a potravinách

Saved in:
Bibliographic Details
Main Authors Erban, David (Author), Knížková, Šárka (Author)
Format Book
LanguageCzech
Published V Brně : CPress, 2025
Edition1. vydání
Subjects
ISBN978-80-264-5751-0
Physical Description231 stran : ilustrace (převážně barevné) ; 24 cm

Cover

LEADER 00000aam a2200000 i 4500
001 115469
003 CZ ZlUTB
005 20260408145038.0
007 ta
008 251002s2025 xr a e f 000 0 cze
015 |a cnb003711116 
020 |a 978-80-264-5751-0  |q (vázáno) :  |c Kč 449,00 
040 |a OLA001  |b cze  |d ABA001  |d ZLD002  |e rda 
072 7 |a 613  |x Hygiena. Lidské zdraví  |2 Konspekt  |9 14 
080 |a 613.2  |2 MRF 
080 |a 613  |2 MRF 
080 |a 614.31  |2 MRF 
080 |a 641.55  |2 MRF 
080 |a (0.062)  |2 MRF 
080 |a (083.12)  |2 MRF 
100 1 |a Erban, David  |7 hka20251275663  |4 aut 
245 1 0 |a Mýty o výživě a potravinách /  |c David Erban, Šárka Knížková 
250 |a 1. vydání 
264 1 |a V Brně :  |b CPress,  |c 2025 
300 |a 231 stran :  |b ilustrace (převážně barevné) ;  |c 24 cm 
336 |a text  |b txt  |2 rdacontent 
337 |a bez média  |b n  |2 rdamedia 
338 |a svazek  |b nc  |2 rdacarrier 
500 |a Obsahuje QR kód s přístupem k bibliografii 
650 0 7 |a výživa člověka  |7 ph127487  |2 czenas 
650 0 7 |a racionální výživa  |7 ph124968  |2 czenas 
650 0 7 |a životospráva  |7 ph128035  |2 czenas 
650 0 7 |a hygiena potravin  |7 ph120984  |2 czenas 
650 0 7 |a jídla  |7 ph114847  |2 czenas 
650 0 9 |a human nutrition  |2 eczenas 
650 0 9 |a rational nutrition  |2 eczenas 
650 0 9 |a health behavior  |2 eczenas 
650 0 9 |a food hygiene  |2 eczenas 
650 0 9 |a meals  |2 eczenas 
655 7 |a populárně-naučné publikace  |7 fd131864  |2 czenas 
655 7 |a kuchařské recepty  |7 fd132687  |2 czenas 
655 9 |a popular works  |2 eczenas 
655 9 |a cookbooks  |2 eczenas 
700 1 |a Knížková, Šárka  |7 xx0334252  |4 aut 
710 2 |a CPress (nakladatelství)  |7 ko2016932359  |4 pbl 
910 |a ZLD002 
928 9 |a Albatros Media - CPress 
942 |2 udc 
952 |0 0  |1 0  |4 0  |6 61ERBAND  |7 -1  |8 BOOK  |9 190692  |a UTBZL  |b UTBZL  |c 006  |d 2026-04-08  |l 0  |o 61/ERBAN,D.  |p 420010201791  |r 2026-04-08 14:52:32  |v 449.00  |w 2026-04-08  |x N:nákup  |y 04 
992 |a BK  |b SKNEW 
999 |c 115469  |d 115469